[Event "Alcorcon Diagonal op 2nd"]
[Site "Alcorcon"]
[Date "2023.12.26"]
[Round "2"]
[White "Camarero Izquierdo, Juan Carlos"]
[Black "Horcajada Reales, Guillermo"]
[Result "1-0"]
[WhiteElo "1743"]
[BlackElo "2128"]
[PlyCount "64"]
[EventDate "2023.12.26"]
[EventType "swiss"]
[EventRounds "9"]
[EventCountry "ESP"]
[SourceTitle "CB01_2024"]
[SourceDate "2024.01.03"]
[SourceVersion "1"]
[SourceVersionDate "2024.01.03"]
[SourceQuality "1"]

1. e4 e6 2. d4 d5 3. Nc3 Nf6 4. Bg5 Be7 5. Bxf6 Bxf6 6. e5 Be7 7. Qg4 0-0 8. f4 c5 9. dxc5 b6 10. Nf3 bxc5 11. h4 f5 12. exf6 Bxf6 13. Ng5 Bxc3+ 14. bxc3 Qf6 15. Bd3 h6 16. 0-0 e5 17. Qf3 e4 18. Bxe4 dxe4 19. Qxe4 hxg5 20. Qxa8 Ba6 21. fxg5 Qxf1+ 22. Rxf1 Bxf1 23. Qd5+ Kh7 24. Qd6 Kg8 25. g6 Bc4 26. Qxc5 Be6 27. Qe7 Bd5 28. Qd6 Bxa2 29. h5 Re8 30. h6 gxh6 31. Qc7 Kf8 32. c4 Nd7 1-0

[Event "Madrid-chT Honor 2223"]
[Site "Madrid"]
[Date "2023.02.25"]
[Round "11.3"]
[White "Lopez del Alamo, Antonio"]
[Black "Horcajada Reales, Guillermo"]
[Result "1-0"]
[WhiteElo "2275"]
[BlackElo "2081"]
[PlyCount "125"]
[EventDate "2022.11.20"]
[EventType "team-tourn"]
[EventRounds "14"]
[EventCountry "ESP"]
[SourceTitle "EXT 2024"]
[Source "ChessBase"]
[SourceDate "2023.10.10"]
[SourceVersion "1"]
[SourceVersionDate "2023.10.10"]
[SourceQuality "1"]
[WhiteTeam "Villalba 64"]
[BlackTeam "Virgen de Atocha"]
[WhiteTeamCountry "ESP"]
[BlackTeamCountry "ESP"]

1. e4 e6 2. Qe2 c5 3. Nf3 Nc6 4. g3 d6 5. Bg2 g6 6. 0-0 Bg7 7. c3 Nge7 8. Rd1 e5 9. Na3 0-0 10. Nc2 Qb6 11. Ne3 Kh8 12. Nd5 Nxd5 13. exd5 Nb8 14. d4 cxd4 15. cxd4 Nd7 16. Be3 e4 17. Nd2 Nf6 18. Bxe4 Qxb2 19. Rab1 Qxa2 20. Ra1 Qb2 21. Rdb1 Qc3 22. Rc1 Qb4 23. Bf3 Qb6 24. Nc4 Qd8 25. Bf4 Ne8 26. Qb2 b5 27. Qxb5 Bxd4 28. Ra2 Bf5 29. Ne3 Bd7 30. Qd3 Bg7 31. h4 a5 32. Qa3 Bb5 33. Rb1 Qd7 34. Rc2 Bd4 35. Rd2 Bg7 36. Rc1 Kg8 37. Nc4 Ra6 38. Qe3 Nf6 39. Na3 Re8 40. Qb3 Ba4 41. Qd3 Rb6 42. Nb1 Bb3 43. Rc6 Reb8 44. Na3 a4 45. Nc4 Bxc4 46. Qxc4 a3 47. Bxd6 Rb1+ 48. Kg2 Ra8 49. Ra2 Ne8 50. Rxa3 Rd8 51. Bf4 Rb2 52. Re3 Nf6 53. Rd6 Qxd6 54. Bxd6 Rxd6 55. Qc8+ Bf8 56. g4 h5 57. g5 Nd7 58. Qc7 Rb8 59. Rc3 Re8 60. Rc6 Rxc6 61. Qxc6 Rd8 62. Qc7 Be7 63. d6 1-0

[Event "Benidorm op-A"]
[Site "Benidorm"]
[Date "2022.12.08"]
[Round "6"]
[White "Minana Menor, Antonio"]
[Black "Horcajada Reales, Guillermo"]
[Result "0-1"]
[WhiteElo "2102"]
[BlackElo "2084"]
[PlyCount "69"]
[EventDate "2022.12.03"]
[EventType "swiss"]
[EventRounds "9"]
[EventCountry "ESP"]
[SourceTitle "CBM 211 Extra"]
[Source "ChessBase"]
[SourceDate "2023.01.31"]
[SourceVersion "1"]
[SourceVersionDate "2023.01.31"]
[SourceQuality "1"]

1. e4 Nf6 2. Nc3 d5 3. exd5 Nxd5 4. d4 c6 5. Bd3 g6 6. Nf3 Bg7 7. h3 Nxc3 8. bxc3 0-0 9. Bf4 c5 10. 0-0 Nc6 11. Be4 cxd4 12. Bxc6 bxc6 13. cxd4 c5 14. c3 cxd4 15. cxd4 Bb7 16. Re1 e6 17. Rc1 Bxf3 18. Qxf3 Bxd4 19. Rcd1 Qa5 20. Rxd4 Qxe1+ 21. Kh2 Rad8 22. Re4 Qd1 23. Qc3 Qd5 24. Bh6 f6 25. Qe3 Rfe8 26. Qxa7 Rd7 27. Qa4 Ra8 28. Qb4 Qd6+ 29. Qxd6 Rxd6 30. Rb4 Rd7 31. a4 Kf7 32. Be3 e5 33. Bb6 Ke6 34. Rd4 Rxd4 35. Bxd4 0-1

[Event "Madrid San Viator op-A 31st"]
[Site "Madrid"]
[Date "2019.09.29"]
[Round "3"]
[White "Horcajada Reales, Guillermo"]
[Black "Renteria Becerra, Jorge Elicer"]
[Result "0-1"]
[WhiteElo "2154"]
[BlackElo "2286"]
[PlyCount "110"]
[EventDate "2019.09.08"]
[EventType "swiss"]
[EventRounds "9"]
[EventCountry "ESP"]
[SourceTitle "EXT 2022"]
[Source "ChessBase"]
[SourceDate "2021.10.06"]
[SourceVersion "1"]
[SourceVersionDate "2021.10.06"]
[SourceQuality "1"]

1. e4 c5 2. Nf3 Nc6 3. d4 cxd4 4. Nxd4 Qb6 5. Nb5 Nf6 6. Be3 Qa5+ 7. Qd2 Qd8 8. N1c3 a6 9. Nd4 e6 10. f3 d5 11. 0-0-0 Bb4 12. a3 Be7 13. exd5 Nxd5 14. Nxd5 exd5 15. Nxc6 bxc6 16. Qc3 0-0 17. Qxc6 Be6 18. Bd4 Bd6 19. Bd3 Qe7 20. Rhe1 Rfc8 21. Qa4 Rab8 22. g3 Qc7 23. Bc3 Bc5 24. Qh4 h6 25. Be5 Qb6 26. Qa4 Ra8 27. g4 Ra7 28. Bf5 Rb7 29. Rxd5 Bxd5 30. Bxc8 Re7 31. Bc3 Rxe1+ 32. Bxe1 Bd4 33. b3 Bf6 34. Qe8+ Kh7 35. Qe2 Qc5 36. Bb4 Qg1+ 37. Qd1 Qe3+ 38. Qd2 Qg1+ 39. Qd1 Bb2+ 40. Kd2 Qxh2+ 41. Qe2 Qf4+ 42. Ke1 Bxf3 43. Bf5+ g6 44. Qe7 Bd5 45. Bd7 Be5 46. Qc5 Qe4+ 47. Kd2 Bd4 48. Qe7 Qf4+ 49. Kd3 Be5 50. Qc5 Be4+ 51. Ke2 Qf3+ 52. Ke1 Bg3+ 53. Kd2 Bf4+ 54. Ke1 Be3 55. Qe7 Qf2+ 0-1

[Event "Madrid San Viator op-A 31st"]
[Site "Madrid"]
[Date "2019.09.08"]
[Round "1"]
[White "Cid Garcia, Ramon"]
[Black "Horcajada Reales, Guillermo"]
[Result "0-1"]
[WhiteElo "1839"]
[BlackElo "2154"]
[PlyCount "110"]
[EventDate "2019.09.08"]
[EventType "swiss"]
[EventRounds "9"]
[EventCountry "ESP"]
[SourceTitle "EXT 2022"]
[Source "ChessBase"]
[SourceDate "2021.10.06"]
[SourceVersion "1"]
[SourceVersionDate "2021.10.06"]
[SourceQuality "1"]

1. e4 e5 2. Nf3 Nc6 3. Bc4 Bc5 4. c3 Nf6 5. d4 exd4 6. cxd4 Bb4+ 7. Bd2 Bxd2+ 8. Nbxd2 d5 9. exd5 Nxd5 10. Qb3 Nce7 11. 0-0 0-0 12. Ne5 c6 13. a4 Qb6 14. a5 Qxd4 15. Ndf3 Qf4 16. a6 b6 17. Nxc6 Nxc6 18. Bxd5 Bd7 19. Rfc1 Rac8 20. Rc4 Qf6 21. Qc3 Qxc3 22. Rxc3 Nb4 23. Bb7 Rxc3 24. bxc3 Nd3 25. Nd4 Rb8 26. Rb1 Nc5 27. Rxb6 Nxa6 28. Rxa6 Rxb7 29. f3 Kf8 30. h4 Rc7 31. Kf2 Bc8 32. Rc6 Rxc6 33. Nxc6 a6 34. Ke3 Bd7 35. Ne5 Ke7 36. Kd4 f6 37. Nd3 Kd6 38. c4 a5 39. g4 h6 40. Nf2 a4 41. Ne4+ Kc6 42. Kc3 f5 43. Nf2 Kd6 44. g5 hxg5 45. hxg5 Ke6 46. Nd3 f4 47. Nxf4+ Kf5 48. Nd3 Kxg5 49. Ne5 Be8 50. c5 Kf4 51. Kd4 a3 52. Nd3+ Kxf3 53. Kc3 Ke3 54. Ne5 a2 55. Kb2 Kd4 0-1

[Event "Madrid-chT 1516"]
[Site "Madrid"]
[Date "2016.02.28"]
[Round "12.34"]
[White "Lopez del Alamo, Antonio"]
[Black "Horcajada Reales, Guillermo"]
[Result "1/2-1/2"]
[WhiteElo "2224"]
[BlackElo "2208"]
[PlyCount "86"]
[EventDate "2015.11.22"]
[EventType "team-tourn"]
[EventRounds "14"]
[EventCountry "ESP"]
[SourceTitle "EXT 2017"]
[Source "ChessBase"]
[SourceDate "2016.10.25"]
[SourceVersion "1"]
[SourceVersionDate "2016.10.25"]
[SourceQuality "1"]
[WhiteTeam "Villalba 64"]
[BlackTeam "Virgen de Atocha"]
[WhiteTeamCountry "ESP"]
[BlackTeamCountry "ESP"]

1. e4 e6 2. d3 d5 3. Qe2 dxe4 4. dxe4 e5 5. Nf3 Nc6 6. c3 Nf6 7. Qc2 a6 8. b4 Be7 9. Be2 0-0 10. 0-0 Bd7 11. Nbd2 Re8 12. Nc4 Bf8 13. Bg5 h6 14. Bh4 g5 15. Bg3 Bd6 16. Rad1 Qe7 17. a4 Nh5 18. Qd2 Nf4 19. Bxf4 exf4 20. e5 Nxe5 21. Ncxe5 Bxa4 22. Ra1 b5 23. Rae1 Bxe5 24. Nxe5 Qxe5 25. Bf3 Qf6 26. Bxa8 Rxa8 27. Re4 Bb3 28. Rfe1 Be6 29. f3 a5 30. bxa5 Rxa5 31. c4 Ra4 32. cxb5 Rxe4 33. Rxe4 Qa1+ 34. Qe1 Qb2 35. Re5 Qd4+ 36. Kh1 Kg7 37. h4 gxh4 38. Rh5 h3 39. gxh3 Qd3 40. Kg2 Bd5 41. Qe5+ Kg6 42. Qxf4 Qe2+ 43. Kg1 Qe1+ 1/2-1/2

[Event "Madrid Oliver Gonzalez Memorial-A 3rd"]
[Site "Madrid"]
[Date "2012.09.05"]
[Round "5"]
[White "Horcajada Reales, Guillermo"]
[Black "Moreno Ibanez, Miguel"]
[Result "1-0"]
[WhiteElo "2207"]
[BlackElo "2093"]
[PlyCount "159"]
[EventDate "2012.09.01"]
[EventType "swiss"]
[EventRounds "9"]
[EventCountry "ESP"]
[SourceTitle "CBM 150 Extra"]
[Source "ChessBase"]
[SourceDate "2012.10.19"]
[SourceVersion "1"]
[SourceVersionDate "2012.10.19"]
[SourceQuality "1"]

1. d4 f5 2. e4 fxe4 3. Nc3 Nf6 4. Bg5 Nc6 5. d5 Ne5 6. Qd4 Nf7 7. Bxf6 exf6 8. Nxe4 f5 9. Ng3 g6 10. 0-0-0 Bh6+ 11. Kb1 0-0 12. Nf3 Bg7 13. Qd2 Qf6 14. c3 b5 15. Bxb5 Rb8 16. Nd4 Qb6 17. Ba4 Nd6 18. Qc2 Qc5 19. Ka1 Kh8 20. h4 h5 21. Nge2 Rf6 22. Nf4 Nc4 23. b4 Qd6 24. g3 Rf8 25. Bb3 Ne5 26. Rhe1 Ba6 27. Nde6 Kh7 28. Nxg7 Kxg7 29. Re3 Ng4 30. Ree1 Rfe8 31. Qd2 Qf6 32. Rxe8 Rxe8 33. Re1 Rxe1+ 34. Qxe1 Qe5 35. Qxe5+ Nxe5 36. a4 Bf1 37. Bc2 Bc4 38. Kb2 Ng4 39. Bd3 Ne5 40. Bxc4 Nxc4+ 41. Kc2 Kf6 42. a5 Ne5 43. Kb3 Nf3 44. Nd3 Nd2+ 45. Ka4 Ne4 46. Kb5 Nxc3+ 47. Ka6 Nxd5 48. Kxa7 Ke6 49. Nf4+ Nxf4 50. gxf4 d5 51. Kb7 d4 52. a6 d3 53. a7 d2 54. a8Q d1Q 55. Qe8+ Kf6 56. Qe5+ Kf7 57. Qxc7+ Kg8 58. Qc8+ Kg7 59. b5 Qf3+ 60. Qc6 Qxf2 61. b6 Kh6 62. Kc8 Qa2 63. b7 Qg8+ 64. Kc7 Qf7+ 65. Kc8 Qf8+ 66. Kc7 Qe7+ 67. Qd7 Qc5+ 68. Qc6 Qe7+ 69. Kb8 Qd8+ 70. Ka7 Qa5+ 71. Qa6 Qc5+ 72. Ka8 Qd5 73. Qa1 Kh7 74. Qe5 Qc6 75. Kb8 Kg8 76. Qc7 Qa6 77. Kc8 Kf8 78. Kd7 Qa4+ 79. Qc6 Qxf4 80. Qd6+ 1-0

[Event "Madrid Oliver Gonzalez Memorial 2nd"]
[Site "Madrid"]
[Date "2011.10.13"]
[Round "6"]
[White "Lopez Mulet, Inigo"]
[Black "Horcajada Reales, Guillermo"]
[Result "1-0"]
[WhiteElo "1839"]
[BlackElo "2215"]
[PlyCount "63"]
[EventDate "2011.10.08"]
[EventType "swiss"]
[EventRounds "9"]
[EventCountry "ESP"]
[SourceTitle "CBM 144 Extra"]
[Source "ChessBase"]
[SourceDate "2011.10.28"]
[SourceVersion "1"]
[SourceVersionDate "2011.10.28"]
[SourceQuality "1"]

1. d4 Nf6 2. c4 g6 3. g3 Bg7 4. Bg2 0-0 5. Nc3 d6 6. Nf3 Nc6 7. 0-0 a6 8. d5 Na5 9. Nd2 c5 10. Qc2 Rb8 11. b3 e5 12. e4 b5 13. Rb1 Bd7 14. Bb2 Qc7 15. h3 Nh5 16. Ne2 f5 17. f4 Nf6 18. fxe5 dxe5 19. cxb5 axb5 20. Rbc1 Nb7 21. Kh2 Ra8 22. a3 Qd6 23. Nc3 f4 24. gxf4 exf4 25. Nf3 Nh5 26. Ne2 Bxb2 27. Qxb2 Ng3 28. Nxg3 fxg3+ 29. Kh1 Qa6 30. Ne5 Rxf1+ 31. Rxf1 Bc8 32. Nc6 1-0

[Event "Madrid Oliver Gonzalez Memorial 2nd"]
[Site "Madrid"]
[Date "2011.10.08"]
[Round "1"]
[White "Horcajada Reales, Guillermo"]
[Black "Hernandez Gutierrez, Jose"]
[Result "1-0"]
[WhiteElo "2215"]
[BlackElo "1890"]
[PlyCount "109"]
[EventDate "2011.10.08"]
[EventType "swiss"]
[EventRounds "9"]
[EventCountry "ESP"]
[SourceTitle "CBM 144 Extra"]
[Source "ChessBase"]
[SourceDate "2011.10.28"]
[SourceVersion "1"]
[SourceVersionDate "2011.10.28"]
[SourceQuality "1"]

1. e4 c6 2. d4 d5 3. Nc3 dxe4 4. Nxe4 Nd7 5. Nf3 Ngf6 6. Nxf6+ Nxf6 7. Bc4 Bg4 8. c3 e6 9. 0-0 Be7 10. h3 Bxf3 11. Qxf3 0-0 12. Re1 Re8 13. Bb3 Qc7 14. Bf4 Bd6 15. Bg5 Be7 16. Rad1 Nd5 17. Bd2 b5 18. Bc2 a5 19. h4 c5 20. dxc5 Bxc5 21. Qd3 g6 22. h5 Qb6 23. Re2 Rad8 24. Qg3 Ne7 25. Rde1 Rd5 26. hxg6 hxg6 27. Bg5 Nf5 28. Bxf5 Rxf5 29. Qh4 Bf8 30. Re5 Rxe5 31. Rxe5 Bg7 32. Bf6 Bxf6 33. Qxf6 Rb8 34. Re3 Qd8 35. Qe5 Qd1+ 36. Kh2 Qh5+ 37. Qxh5 gxh5 38. Kg3 Kg7 39. Re5 Kg6 40. Kh4 Rb6 41. Rg5+ Kf6 42. Rxh5 Ke7 43. Kg3 a4 44. Rh4 Kd6 45. Kf3 Kc5 46. Rd4 b4 47. Rxb4 Rxb4 48. cxb4+ Kxb4 49. Ke4 f6 50. f4 Kc5 51. g4 Kd6 52. g5 Ke7 53. b4 axb3 54. axb3 fxg5 55. fxg5 1-0

[Event "Moratalaz op 22nd"]
[Site "Madrid"]
[Date "2009.09.19"]
[Round "4"]
[White "Horcajada Reales, Guillermo"]
[Black "Gemy Vargas, Jose Daniel"]
[Result "0-1"]
[WhiteElo "2207"]
[BlackElo "2169"]
[PlyCount "64"]
[EventDate "2009.09.16"]
[EventType "swiss"]
[EventRounds "9"]
[EventCountry "ESP"]
[SourceTitle "CBM 132 Extra"]
[Source "ChessBase"]
[SourceDate "2009.11.03"]
[SourceVersion "1"]
[SourceVersionDate "2009.11.03"]
[SourceQuality "1"]

1. d4 Nf6 2. c4 e6 3. g3 d5 4. Bg2 c6 5. Nf3 Nbd7 6. Qc2 Be7 7. 0-0 0-0 8. Nbd2 Re8 9. Rd1 c5 10. b3 cxd4 11. Nxd4 Bc5 12. Nb5 a6 13. Nc3 Bxf2+ 14. Kxf2 Ng4+ 15. Ke1 Qb6 16. Nde4 Qg1+ 17. Kd2 Qe3+ 18. Ke1 Qg1+ 19. Kd2 Qxg2 20. Nd6 Rd8 21. cxd5 exd5 22. Ba3 Nde5 23. Rf1 d4 24. Nce4 Ne3 25. Qc7 Rxd6 26. Rf2 Qxe4 27. Bxd6 Bf5 28. Rf4 N5c4+ 29. Qxc4 Nxc4+ 30. bxc4 Qc2+ 31. Ke1 Qc3+ 32. Kf2 Qxa1 0-1

[Event "Moratalaz op 20th"]
[Site "Madrid"]
[Date "2007.09.15"]
[Round "1"]
[White "Benitez Cadenas, Luis Miguel"]
[Black "Horcajada Reales, Guillermo"]
[Result "0-1"]
[WhiteElo "1776"]
[BlackElo "2190"]
[PlyCount "58"]
[EventDate "2007.09.15"]
[EventType "swiss"]
[EventRounds "9"]
[EventCountry "ESP"]
[SourceTitle "EXT 2008"]
[Source "ChessBase"]
[SourceDate "2007.11.25"]
[SourceVersion "1"]
[SourceVersionDate "2007.11.25"]
[SourceQuality "1"]

1. d4 Nf6 2. c4 e5 3. dxe5 Ne4 4. a3 Nc6 5. Nf3 d6 6. Nbd2 Nxd2 7. Qxd2 Nxe5 8. Nxe5 dxe5 9. Qxd8+ Kxd8 10. Bd2 Be6 11. e4 Bc5 12. Bc3 Bd4 13. Rd1 c5 14. Be2 Kc7 15. Bxd4 exd4 16. f4 Rhe8 17. Kd2 Bd7 18. Bf3 b5 19. b3 Rab8 20. Rb1 bxc4 21. bxc4 Bc6 22. e5 Bxf3 23. gxf3 g6 24. Kd3 Rxb1 25. Rxb1 Rb8 26. Rb5 Rxb5 27. cxb5 Kb6 28. Kc4 Ka5 29. h4 h5 0-1

[Event "Patrimonio op 1st"]
[Site "Alcala de Henares"]
[Date "2006.10.08"]
[Round "2"]
[White "Horcajada Reales, Guillermo"]
[Black "Kasparov, Sergey"]
[Result "0-1"]
[WhiteElo "2159"]
[BlackElo "2529"]
[PlyCount "116"]
[EventDate "2006.10.07"]
[EventType "swiss"]
[EventRounds "9"]
[EventCountry "ESP"]
[SourceTitle "CBM 114 Extra"]
[Source "ChessBase"]
[SourceDate "2006.11.03"]
[SourceVersion "1"]
[SourceVersionDate "2006.11.03"]
[SourceQuality "1"]

1. e4 c6 2. d4 d5 3. Nc3 dxe4 4. Nxe4 Bf5 5. Ng3 Bg6 6. N1e2 e6 7. Nf4 Qh4 8. c3 Nd7 9. Qf3 Ngf6 10. Bd2 Bd6 11. 0-0-0 0-0-0 12. Nxg6 hxg6 13. Bc4 Bc7 14. h3 Rhf8 15. Rhe1 Nb6 16. Bb3 Nbd5 17. c4 Nb6 18. Bb4 Rfe8 19. Bc3 Qf4+ 20. Qxf4 Bxf4+ 21. Kb1 Bc7 22. Ne4 Nxe4 23. Rxe4 Nd7 24. Re2 Nf6 25. a4 Re7 26. a5 Red7 27. Ba4 a6 28. b4 Bb8 29. Bc2 Ba7 30. Red2 Ne8 31. Kb2 Nd6 32. Kb3 Nf5 33. Bxf5 gxf5 34. Kc2 g6 35. Rd3 e5 36. dxe5 Rxd3 37. Rxd3 Rxd3 38. Kxd3 Bxf2 39. Bd4 Bg3 40. Ke3 Kd7 41. Kf3 Be1 42. Bc5 Ke6 43. g4 Kxe5 44. gxf5 Kxf5 45. Ke2 Bc3 46. Kf3 Ke5 47. Ke3 f5 48. Kd3 Be1 49. Ke2 Bh4 50. Ke3 Bg5+ 51. Kf3 Bh6 52. Bf2 Bf8 53. c5 Bh6 54. Be1 Kd4 55. h4 Kd3 56. Kf2 Ke4 57. Ke2 Bg7 58. Kf2 Kf4 0-1